000 00788nam a2200253 a 4500
008
020 _a9780273711742 (pbk.)
049 _aMAIN
090 _aHD58.8
_bBUR
100 1 _aBurnes, Bernard.
245 1 0 _aManaging change :
_ba strategic approach to organisational dynamics /
_cBernard Burnes.
250 _a5th ed.
260 _aHarlow :
_bPrentice Hall,
_c2009.
300 _axii, 620 p. :
_bill. ;
_c25 cm.
504 _aIncludeas bibliographical references.
500 _aIncludes index.
650 0 _aOrganizational change
_xManagement.
653 0 _aOrganisational behaviour
_aManagement.
907 _a.b10321287
_b16-11-12
_c25-10-12
003
005 20230123125500.0
040 _cNUST
942 _cBOOKS
_kHD58.8
_mBUR
999 _c142290
_d142290